书目信息 |
| 题名: |
世界小住宅2:海滨住宅
|
|
| 作者: | 阿森西奥 著 | |
| 分册: | ||
| 出版信息: | 北京 中国建筑工业出版社 1997.05 |
|
| 页数: | 119页 | |
| 开本: | 16开 | |
| 丛书名: | ||
| 单 册: | ||
| 中图分类: | TU241.1 | |
| 科图分类: | ||
| 主题词: | 民用建筑--建筑设计 | |
| 电子资源: | ||
| ISBN: | 7-112-03112-5 | |
| 000 | 00620nam0 2200193 45 | |
| 001 | 0010210885 | |
| 005 | 20010314093815.6 | |
| 010 | @a7-112-03112-5@d100.00元 | |
| 100 | @a20001021d1997 km y0chiy0120 ea | |
| 101 | 0 | @achi |
| 105 | @a z 000yy | |
| 200 | 1 | @a世界小住宅2:海滨住宅@AShi Jie Xiao Zhu Zhai 2:Hai Bin Zhu Zhai@f(西)阿森西奥著;赫广森译@F(Xi)A Sen Xi Ao Zhu;He Guang Sen Yi |
| 210 | @a北京@c中国建筑工业出版社@d1997.05 | |
| 215 | @a119页@d16开 | |
| 606 | 0 | @a民用建筑@x建筑设计 |
| 690 | @aTU241.1@v3 | |
| 701 | 0 | @a阿森西奥@4著 |
| 801 | @aCN@bPftUser@c20001021 | |
| 905 | @dTU241.1@eA898:2@b329152@f1 | |
| 世界小住宅2:海滨住宅/(西)阿森西奥著;赫广森译.-北京:中国建筑工业出版社,1997.05 |
| 119页;16开 |
| ISBN 7-112-03112-5:100.00元 |
| ● |
| 相关链接 |
|
|
|
正题名:世界小住宅2:海滨住宅
索取号:TU241.1/A898:2
 
预约/预借
| 序号 | 登录号 | 条形码 | 馆藏地/架位号 | 状态 | 备注 |
| 1 | 329152 | 203291525 | 建筑库101/101建筑库 66排5列2层/ [索取号:TU241.1/A898:2] | 在馆 |